000 00816nam a22002177a 4500
999 _c5523
_d5523
003 AR-CdUCM
008 190312b ||||| |||| 00| 0 spa d
040 _aMUNICIPALIDAD PROVINCIAL DEL CUSCO
_cBIBLIOTECA MUNICIPAL DEL CUSCO
082 _a146.1 /
_bUL38
100 _aUlloa, Justo
_916556
245 _aEl suplicio de los avaros :
_bensayos materialista /
260 _aChile :
_bAustral.
300 _a267 páginas ;
_c26 cm.
500 _aDonación de la familia Nieto
505 _aContenido: Ciencia y religión -- Biología del alma -- Cr´tica a la ideología de la democracia -- Algunos conceptos sobre educación -- El suplicio de los avaros.
650 _aConcepto de alma
_916557
650 _aIglesia Católica
_93151
650 _aAntropocentrismo
_916558
942 _2ddc
_cLIBROS
945 _araen